000 00455nam a2200193Ia 4500
008 151121s9999||||xx |||||||||||||| ||und||
082 _a030/Pub
082 _bHNW-35808
100 _aPublisher
245 _aPears Cyclopaedia
260 _b"A।& F। Pears Ltd।, London।"
260 _c--
300 _a960
600 _aPublisher
630 _aPears Cyclopaedia
700 _aPublisher
730 _aPears Cyclopaedia
942 _cBOOK
999 _c1228099
_d1228096